NAJWYŻEJ OCENIANE KLUBY PIŁKARSKIE - Statystyki

Ogólne statystyki
  • Ten quiz został rozwiązany 393 razy
  • Średni wynik to 14 z 25
Statystyki odpowiedzi
Odpowiedź % Poprawnych
12 FC Barcelona
99%
4 Real Madryt
98%
1 Manchester City
94%
11 Manchester United
90%
3 Liverpool
87%
5 Bayern Monachium
84%
2 PSG
84%
7 Chelsea
80%
18 AC Milan
78%
19 Borussia Dortmund
78%
8 Arsenal
75%
9 Atletico Madryt
73%
10 Inter Mediolan
71%
17 SSC Napoli
67%
16 Juventus Turyn
50%
24 AS Roma
43%
13 Aston Villa
36%
20 Bayer 04 Leverkusen
27%
6 Tottenham Hotspur
22%
15 Leicester City
20%
25 West Ham United
16%
23 Everton
13%
14 RB Leipzig
7%
22 Villarreal CF
3%
21 Atalanta BC
0%
Nie znaleziono quizów pasujących do podanych kryteriów
Rozkład punktacji
Procent ludzi z każdym wynikiem
Percentyl według liczby udzielonych odpowiedzi
Twoja historia wyników
Nie rozwiązałeś tego quizu